书目信息 |
| 题名: |
可编程控制器教程
|
|
| 作者: | 胡学林 主编 | |
| 分册: | 实训篇 | |
| 出版信息: | 北京 电子工业出版社 2004.07 |
|
| 页数: | 223页 | |
| 开本: | 23cm | |
| 丛书名: | ||
| 单 册: | ||
| 中图分类: | TP332.3-43 | |
| 科图分类: | ||
| 主题词: | 可编程序控制器--高等学校--教材 | |
| 电子资源: | ||
| ISBN: | 7-120-00088-8 | |
| 000 | 00874nam0 2200253 450 | |
| 001 | 010231389454 | |
| 005 | 20061030151731.45 | |
| 010 | @a7-120-00088-8@dCNY20.00 | |
| 100 | @a20050531d2004 km y0chiy0120 ea | |
| 101 | 0 | @achi |
| 102 | @aCN@b110000 | |
| 105 | @aa a 000yy | |
| 200 | 1 | @a可编程控制器教程@Ake bian cheng kong zhi qi jiao cheng@i实训篇@f胡学林主编@Fhu xue lin zhu bian |
| 210 | @a北京@c电子工业出版社@d2004.07 | |
| 215 | @a223页@c图@d23cm | |
| 320 | @a有书目。 | |
| 330 | @a该教程所编写的教学实训及课程设计选题以德国SIEMENS公司的S7-200及S7-300为实训样机,用STEP 7语言(包括梯形图及语句表)进行编程。 | |
| 333 | @a高等学校自动化专业教材。 | |
| 517 | 1 | @a实训篇@Ashi xun pian |
| 606 | 0 | @a可编程序控制器@x高等学校@x教材 |
| 690 | @aTP332.3-43@v4 | |
| 701 | 0 | @a胡学林@Ahu xue lin@4主编 |
| 801 | 0 | @aCN@c20061030 |
| 905 | @a10447@dTP332.3-43@eH513 | |
| 可编程控制器教程.实训篇/胡学林主编.-北京:电子工业出版社,2004.07 |
| 223页:图;23cm |
| 使用对象:高等学校自动化专业教材。 |
| ISBN 7-120-00088-8:CNY20.00 |
| 该教程所编写的教学实训及课程设计选题以德国SIEMENS公司的S7-200及S7-300为实训样机,用STEP 7语言(包括梯形图及语句表)进行编程。 |
| ● |
| 相关链接 |
|
|
|
正题名:可编程控制器教程
索取号:TP332.3-43/H513
 
预约/预借
| 序号 | 登录号 | 条形码 | 馆藏地/架位号 | 状态 | 备注 |
| 1 | 572741 | 205727418 | 自科二线504/504自科库 17排1列3层/ [索取号:TP332.3-43/H513] | 在馆 | |
| 2 | 572742 | 205727427 | 自科库301/301自科库 61排5列3层/ [索取号:TP332.3-43/H513] | 在馆 | |
| 3 | 572743 | 205727436 | 自科二线504/504自科库 6排4列1层/ [索取号:TP332.3-43/H513] | 在馆 | |
| 4 | 633825 | 206338257 | 自科库301/301自科库 61排5列3层/ [索取号:TP332.3-43/H513] | 在馆 |